Már a múlt sem a régi új magyar, újmagyar (?) mitológia /
Elmentve itt :
| Szerzők: | |
|---|---|
| Dokumentumtípus: | Könyv része |
| Megjelent: |
2015
|
| Sorozat: | A vallási kultúrakutatás könyvei
Már a múlt sem a régi...: az új magyar mitológia multidiszciplináris elemzése |
| Kulcsszavak: | Magyar mitológia, Nemzeti tudat - magyar |
| Tárgyszavak: | |
| Online Access: | http://acta.bibl.u-szeged.hu/67322 |
| LEADER | 00956naa a2200241 i 4500 | ||
|---|---|---|---|
| 001 | acta67322 | ||
| 005 | 20211123112946.0 | ||
| 008 | 200518s2015 hu o 0|| hun d | ||
| 020 | |a 978-963-306-426-9 | ||
| 022 | |a 2064-4825 | ||
| 040 | |a SZTE Egyetemi Kiadványok Repozitórium |b hun | ||
| 041 | |a hun | ||
| 100 | 1 | |a Hubbes László Attila | |
| 245 | 1 | 0 | |a Már a múlt sem a régi |h [elektronikus dokumentum] : |b új magyar, újmagyar (?) mitológia / |c Hubbes László Attila |
| 260 | |c 2015 | ||
| 300 | |a 9-25 | ||
| 490 | 0 | |a A vallási kultúrakutatás könyvei | |
| 490 | 0 | |a Már a múlt sem a régi...: az új magyar mitológia multidiszciplináris elemzése | |
| 650 | 4 | |a Bölcsészettudományok | |
| 650 | 4 | |a Filozófia, etika és vallástudományok | |
| 695 | |a Magyar mitológia, Nemzeti tudat - magyar | ||
| 700 | 0 | 1 | |a Povedák István |e aut |
| 856 | 4 | 0 | |u http://acta.bibl.u-szeged.hu/67322/1/vallasi_kulturakutatas_konyvei_018_009-025.pdf |z Dokumentum-elérés |